Designing and marketing computer training for women /

Saved in:
Bibliografiske detaljer
Hovedforfatter: Zinn, Deborah K.
Corporate Authors: Australia. Dept. of Employment, Education and Training, Women's Research and Employment Initiatives Program (Australia)
Andre forfattere: Streeter, Sandra
Format: Bog
Sprog:English
Udgivet: Canberra : Australian Govt. Pub. Service, c1989.
Fag:
LEADER 01594cam a2200385 a 4500
001 c000293808
003 CARM
005 20090909122337.0
008 891121s1989 aca b f000 0 eng d
019 1 |a 6631272  |z 45160332  |5 LACONCORD2021 
020 |a 064409883X  |c price unknown 
035 |a (OCoLC)29259951  |5 LACONCORD2021 
040 |a ANB  |b eng  |c ANB  |d NNCU:A 
042 |a anuc 
043 |a u-at--- 
050 4 |a LC1506.A8  |b Z55 1989 
100 1 |a Zinn, Deborah K. 
245 1 0 |a Designing and marketing computer training for women /  |c Deborah K. Zinn and Sandra Streeter. 
260 |a Canberra :  |b Australian Govt. Pub. Service,  |c c1989. 
300 |a xii, 80 p. ;  |c 25 cm. 
500 |a At head of title: Department of Employment, Education and Training. 
500 |a "Women's Research and Employment Initiatives Program'. 
500 |a AGPS cat. no. 8906268. 
504 |a Bibliography: p. 57-73. 
505 8 |a Includes bibliographical references. 
650 0 |a Women  |x Education  |z Australia. 
650 0 |a Computer literacy  |x Study and teaching  |z Australia. 
650 0 |a Computers  |x Study and teaching  |z Australia. 
651 0 |a Women  |x Education  |z Australia. 
700 1 |a Streeter, Sandra. 
710 1 |a Australia.  |b Dept. of Employment, Education and Training 
710 2 |a Women's Research and Employment Initiatives Program (Australia) 
852 8 |b CARM  |h A3:AE30G0  |i C12288  |p 0530204  |f BK 
999 f f |i a1afc21b-f553-5831-a98d-5a65677e725a  |s 25ca01e7-2e8b-57be-98a6-615642b1e0ac 
952 f f |p Can circulate  |a CAVAL  |b CAVAL  |c CAVAL  |d CARM 1 Store  |e C12288  |f A3:AE30G0  |h Other scheme  |i book  |m 0530204